Chansons de Queen - Mort subite - Statistiques

Statistiques générales
  • Ce quiz a été pris 296 fois
  • Le résultat moyen est 14 sur 20
Answers on the Grid
Answers color-coded by a green-red scale on the quiz's grid according to % correct below.
A Kind Of Magic
All The King's Men
Another One Bites The Dust
Babooshka
Bicycle Race
Bohemian Rhapsody
Crazy Little Thing Called Love
Dancing Queen
Don't Stop Me Now
Double Vision
Fat Bottomed Girls
Flash
Foxy Lady
I Want It All
I Want To Break Free
Keep Yourself Alive
Killer Queen
Life On Mercury
Money
Pinball Wizard
Radio Ga Ga
Rocket Man
Somebody To Love
The Girl Is Mine
The Show Must Go On
There Can Be Only One
Under Pressure
We Are The Champions
We Will Rock You
Who Wants To Live Forever
Whole Lotte Love
You're My Best Friend
Zanzibar
 
Statistiques - réponses
Réponse % Correct
Bohemian Rhapsody
92%
Another One Bites The Dust
89%
Don't Stop Me Now
89%
I Want To Break Free
87%
We Are The Champions
84%
We Will Rock You
84%
Radio Ga Ga
80%
A Kind Of Magic
78%
The Show Must Go On
78%
Somebody To Love
74%
Under Pressure
72%
Killer Queen
69%
I Want It All
61%
Crazy Little Thing Called Love
57%
Bicycle Race
56%
Who Wants To Live Forever
54%
Fat Bottomed Girls
48%
You're My Best Friend
47%
Flash
38%
Keep Yourself Alive
38%
Aucun quiz correspondant
Distribution des résultats
% des personnes avec chaque résultat
Percentile par nombre de réponses
Votre historique - résultats
Vous n’avez pas pris ce quiz